Normal view
MARC view
- Azizi Haji Abdullah,
Entry Personal Name
001 - CONTROL NUMBER
- control field: 7721
003 - CONTROL NUMBER IDENTIFIER
- control field: OSt
005 - DATE AND TIME OF LATEST TRANSACTION
- control field: 20170524122621.0
008 - FIXED-LENGTH DATA ELEMENTS
- fixed length control field: 170524|| aca||aabn | a|a d
040 ## - CATALOGING SOURCE
- Original cataloging agency: OSt
- Transcribing agency: OSt
100 ## - HEADING--PERSONAL NAME
- Personal name: Azizi Haji Abdullah,
- Dates associated with a name: 1942-2011
670 ## - SOURCE DATA FOUND
- Source citation: Work cat.: (OSt)0: Azizi Haji Abdullah, 1942-2011, Seeds of love /, 1992

PORTAL AKMAL
E-MEL JKDM
AKMAL2U
G-BAM
u-PUSTAKA